|
|
|
|
| LEADER |
00000nab a2200000 a 4500 |
| 001 |
vtls000027025 |
| 003 |
SK-MaSNL |
| 005 |
20260304072910.0 |
| 008 |
250423c1979 xo 0 slo |
| 015 |
|
|
|a SNBRB19rr/mm-uuuuu
|
| 035 |
|
|
|a CL0037119
|
| 035 |
|
|
|a urn:nbn:sk:snk-abqr
|
| 035 |
|
|
|a (urnnbn)urn:nbn:sk:snk:ar-a04y8f
|
| 035 |
|
|
|a (uuid)4d27276e-c4ba-4937-a812-e16a40323460
|
| 040 |
|
|
|a SNKBUCL
|b slo
|c SNKBUCL
|e AACR2
|
| 041 |
0 |
|
|a slo
|
| 044 |
|
|
|a xo
|c SK
|
| 080 |
|
|
|a 371.3
|2 1981
|
| 080 |
|
|
|a 05
|2 1981
|
| 100 |
1 |
|
|a Krpčiar, Ján
|4 aut
|9 5486
|
| 245 |
1 |
0 |
|a Pohľad do časopisu Český jazyk a literatúra
|c J. Krpčiar
|
| 650 |
0 |
7 |
|a Český jazyk a literatúra (časopis)
|2 snkbucl
|9 1182626
|
| 650 |
0 |
7 |
|a čeština
|2 snkbucl
|9 1319
|
| 650 |
0 |
7 |
|a česká literatúra
|2 snkbucl
|9 1178
|
| 655 |
|
7 |
|a články z novín a časopisov
|2 snkbucl
|9 267496
|
| 773 |
0 |
|
|t Slovenský jazyk a literatúra v škole
|g Roč. 25, č. 7 (1978/1979), s. 222-225
|
| 850 |
|
|
|a Slovenská národná knižnica
|
| 852 |
|
|
|a Slovenská národná knižnica
|
| 954 |
|
|
|a odborná, vedecká literatúra pôvodná (slovenská)
|2 lita
|
| 958 |
|
|
|a article27
|
| 958 |
|
|
|a RK
|
| 958 |
|
|
|a CZ
|
| 958 |
|
|
|a OND
|
| 958 |
|
|
|a EUIPO
|
| 992 |
|
|
|a RBX
|
| 999 |
|
|
|c 2768434
|d 2770364
|